000 01021nam a22002537a 4500
999 _c528
_d528
003 AR-CdUCM
008 190225b ||||| |||| 00| 0 spa d
040 _aMUNICIPALIDAD PROVINCIAL DEL CUSCO
_cBIBLIOTECA MUNICIPAL DEL CUSCO
082 _a465 /
_b F19
100 _aFalla de Chuquisengo, Julia
_92066
245 _aCurso de lenguaje :
_bpara el primer año de secundaria /
260 _aLima :
_c1962.
300 _a151 páginas ;
_bilustraciones,
_c21 cm.
500 _aContiene dedicatoria de la autora para los esposos Nieto
505 _aContenido: Lectura: como aprendí a leer -- Interpretación de la lectura -- Lectura: corriente literaria o artística -- La ortografía -- La oración gramatical -- El verbo y su importancia en la oración ...
650 _aOrtografía
_92067
650 _aTeoría gramatical
_92068
650 _aLectura
_92069
650 _aLiteratura
_983
650 _aLengua española
_91124
650 _aTexto escolar
_92070
942 _2ddc
_cLIBROS
945 _araen
_d2019-02-25